The Indian economic and social history review (Record no. 21589)

MARC details
000 -LEADER
fixed length control field 01613nam a22004097a 4500
005 - DATE AND TIME OF LATEST TRANSACTION
control field 20071121161245.0
006 - FIXED-LENGTH DATA ELEMENTS--ADDITIONAL MATERIAL CHARACTERISTICS--GENERAL INFORMATION
fixed length control field m
007 - PHYSICAL DESCRIPTION FIXED FIELD--GENERAL INFORMATION
fixed length control field c
008 - FIXED-LENGTH DATA ELEMENTS--GENERAL INFORMATION
fixed length control field 050614c19639999ii qr p|s 00| 0 eng d
010 ## - LIBRARY OF CONGRESS CONTROL NUMBER
LC control number 2007215398
022 ## - INTERNATIONAL STANDARD SERIAL NUMBER
International Standard Serial Number 0019-4646
Incorrect ISSN 1939-9804
022 ## - INTERNATIONAL STANDARD SERIAL NUMBER
International Standard Serial Number 0973-0893
040 ## - CATALOGING SOURCE
Original cataloging agency OCLCS
Transcribing agency OCLCS
050 ## - LIBRARY OF CONGRESS CALL NUMBER
Classification number HC431
Item number .I338
082 ## - DEWEY DECIMAL CLASSIFICATION NUMBER
Classification number 330
Edition number 14
130 ## - MAIN ENTRY--UNIFORM TITLE
Uniform title Indian economic and social history review (Online)
222 ## - KEY TITLE
Key title Indian economic and social history review
Qualifying information (Online)
245 ## - TITLE STATEMENT
Title The Indian economic and social history review
260 ## - PUBLICATION, DISTRIBUTION, ETC. (IMPRINT)
Place of publication, distribution, etc Delhi
Name of publisher, distributor, etc Sage
300 ## - PHYSICAL DESCRIPTION
Extent v.
Dimensions 24 cm
310 ## - CURRENT PUBLICATION FREQUENCY
Current publication frequency Quarterly
362 ## - DATES OF PUBLICATION AND/OR SEQUENTIAL DESIGNATION
Dates of publication and/or sequential designation Print began with v. 1 in July/Sept. 1963.
500 ## - GENERAL NOTE
General note Publisher varies.
500 ## - GENERAL NOTE
General note Description based on print version record.
500 ## - GENERAL NOTE
General note Latest issue consulted: Vol. 44, no. 1 (Mar. 2007); viewed publisher's website 9/12/07.
530 ## - ADDITIONAL PHYSICAL FORM AVAILABLE NOTE
Additional physical form available note Also issued in print.
538 ## - SYSTEM DETAILS NOTE
System details note Mode of access: World Wide Web.
651 ## - SUBJECT ADDED ENTRY--GEOGRAPHIC NAME
Geographic name India
General subdivision Economic conditions
Form subdivision Periodicals.
651 ## - SUBJECT ADDED ENTRY--GEOGRAPHIC NAME
Geographic name India
General subdivision Social conditions
Form subdivision Periodicals.
710 ## - ADDED ENTRY--CORPORATE NAME
Corporate name or jurisdiction name as entry element Delhi School of Economics.
776 ## - ADDITIONAL PHYSICAL FORM ENTRY
Title Indian economic and social history review
International Standard Serial Number 0019-4646
Record control number (DLC)sa 64002353
-- (OCoLC)1752856
270 ## - ADDRESS
Address B1/I-1, Mohan Cooperative Industrial Area, Mathura Road
City New Delhi
Country India
Postal code 110044
Telephone number 40539222
Fax number 40539234
Electronic mail address journals@sagepub.com
906 ## - LOCAL DATA ELEMENT F, LDF (RLIN)
a 7
b ibc
c serials
d u
e ncip
f 20
g n-oclcserc
942 ## - ADDED ENTRY ELEMENTS (KOHA)
Source of classification or shelving scheme Dewey Decimal Classification
Item type Periodicals
Classification part 330
Call number suffix IND
Serial record 1
Holdings
Withdrawn status Lost status Source of classification or shelving scheme Damaged status Not for loan Collection code Home library Current library Date acquired Total Checkouts Full call number Date last seen Price effective from Koha item type
    Dewey Decimal Classification   Not For Loan Non-fiction D.B.Act.Division D.B.Act.Division 20/01/2009   330 IND 20/01/2009 20/01/2009 Periodicals

© Delhi Public Library
Hit Counter
free hit counter